000 00791nam a2200241 i 4500
001 141631
003 ES-MaACL
005 20251018063104.0
007 t|
008 070926s1965 sp ||||1| spa d
040 _cES-MaACL
100 1 _aVonnegut, Kurt,
_d1922-2007
_9242361
_eaut
245 1 0 _aDios le bendiga, Mr. Rosewater /
_cKurt Vonnegut ; [traducido por Amparo García Burgos].
250 _aPrimera edición
260 _aBarcelona :
_bGrijalbo,
_c[1965]
300 _a212 páginas ;
_c22 cm.
655 7 _2tgfbne
_9176428
_aNovelas de humor
700 1 _aGarcía Burgos, Amparo
_954298
_etrl
852 _aES-MaACL
_jC-29064
_bR.58470
_9146749
_cDEPO2
942 _cMONOGRAFIA
_n0
999 _c141631
_d141631